[Event "TUR-chT 1st League"]
[Site "Denizli"]
[Date "2024.07.21"]
[Round "9.9"]
[White "Atakisi, Umut"]
[Black "Tasdogen, Dincer"]
[Result "0-1"]
[WhiteElo "2335"]
[BlackElo "2359"]
[PlyCount "116"]
[EventDate "2024.07.15"]
[EventType "team-swiss"]
[EventRounds "9"]
[EventCountry "TUR"]
[SourceTitle "EXT 2025"]
[Source "ChessBase"]
[SourceDate "2024.10.14"]
[SourceVersion "1"]
[SourceVersionDate "2024.10.14"]
[SourceQuality "1"]
[WhiteTeam "Yildiz"]
[BlackTeam "Galva Metal"]
[WhiteTeamCountry "TUR"]
[BlackTeamCountry "TUR"]

1. c4 c5 2. g3 Nf6 3. Bg2 d5 4. cxd5 Nxd5 5. Nc3 Nc7 6. Nf3 Nc6 7. a3 e5 8. 0-0 Be6 9. b4 f6 10. Rb1 Qd7 11. bxc5 Na6 12. d3 Bxc5 13. Ne4 Be7 14. Be3 0-0 15. d4 Rad8 16. dxe5 Qxd1 17. Rfxd1 Rxd1+ 18. Rxd1 fxe5 19. a4 h6 20. Ne1 Nab4 21. Bc5 Bxc5 22. Nxc5 Bc8 23. Ned3 Rd8 24. Rb1 b6 25. Nxb4 Nxb4 26. Ne4 a5 27. h4 Be6 28. Kh2 Kf8 29. Bh3 Bc4 30. Bf1 Ke7 31. e3 Bd5 32. Nc3 Bc6 33. Bb5 Bxb5 34. Nxb5 Rd2 35. Kg1 Ra2 36. Rc1 Rxa4 37. Rc7+ Kf8 38. Rb7 Nd5 39. Rd7 Ra1+ 40. Kh2 Rd1 41. Rd6 a4 42. Rd8+ Ke7 43. Ra8 Rb1 44. Ra7+ Ke6 45. Na3 Rb4 46. Rxg7 Rb3 47. Nc4 b5 48. Nd2 Rb2 49. Ne4 a3 50. Ra7 b4 51. Ra6+ Ke7 52. g4 a2 53. g5 Nc3 54. Ra7+ Ke6 55. g6 Nxe4 56. g7 Nf6 57. Ra6+ Kf7 58. Rxf6+ Kxg7 0-1

[Event "TUR-chT 1st League"]
[Site "Denizli"]
[Date "2024.07.15"]
[Round "1.9"]
[White "Metin, Oguz"]
[Black "Tasdogen, Dincer"]
[Result "1/2-1/2"]
[WhiteElo "2085"]
[BlackElo "2359"]
[PlyCount "61"]
[EventDate "2024.07.15"]
[EventType "team-swiss"]
[EventRounds "9"]
[EventCountry "TUR"]
[SourceTitle "EXT 2025"]
[Source "ChessBase"]
[SourceDate "2024.10.14"]
[SourceVersion "1"]
[SourceVersionDate "2024.10.14"]
[SourceQuality "1"]
[WhiteTeam "Dogru Hamle Genclik"]
[BlackTeam "Galva Metal"]
[WhiteTeamCountry "TUR"]
[BlackTeamCountry "TUR"]

1. e4 b6 2. d4 Bb7 3. Nc3 e6 4. Nf3 Bb4 5. Bd3 d5 6. exd5 Qxd5 7. 0-0 Bxc3 8. bxc3 Nd7 9. c4 Qd6 10. c5 Qe7 11. cxb6 axb6 12. a4 Ngf6 13. Ba3 c5 14. dxc5 bxc5 15. Qe2 0-0 16. Bb2 Nd5 17. Qe4 f5 18. Qe2 Nf4 19. Qe3 Nxd3 20. cxd3 Nb6 21. a5 Nd5 22. Qd2 Rfd8 23. Rfe1 Ba6 24. Qg5 Ra7 25. Rxe6 Qxg5 26. Nxg5 h6 27. Nf3 Bxd3 28. Ne5 Bb5 29. Nc6 Bxc6 30. Rxc6 Rc7 31. f3 1/2-1/2

[Event "Chess.com Speed Play In"]
[Site "Chess.com INT"]
[Date "2024.06.27"]
[Round "5"]
[White "Tasdogen, Dincer"]
[Black "Gurel, Ediz"]
[Result "1/2-1/2"]
[WhiteElo "2359"]
[BlackElo "2597"]
[PlyCount "65"]
[EventDate "2024.06.27"]
[EventType "swiss (blitz)"]
[EventRounds "11"]
[EventCountry "USA"]
[SourceTitle "CBM 220 Extra"]
[Source "ChessBase"]
[SourceDate "2024.07.31"]
[SourceVersion "1"]
[SourceVersionDate "2024.07.31"]
[SourceQuality "1"]

1. Nf3 Nf6 2. b3 e6 3. Bb2 d5 4. g3 Be7 5. Bg2 0-0 6. 0-0 b6 7. c4 Bb7 8. cxd5 Nxd5 9. d4 Nd7 10. Nbd2 c5 11. Rc1 Rc8 12. a3 N5f6 13. e3 cxd4 14. Bxd4 Rxc1 15. Qxc1 Qa8 16. Qb2 Rc8 17. b4 h6 18. Rc1 Bf8 19. Rxc8 Qxc8 20. Qc3 Qa8 21. Qc7 Bc6 22. Bxf6 Nxf6 23. Ne5 Bxg2 24. Qxf7+ Kh7 25. Qg6+ Kg8 26. Qf7+ Kh7 27. Qg6+ Kh8 28. Nf7+ Kg8 29. Nxh6+ Kh8 30. Nf7+ Kg8 31. Nh6+ Kh8 32. Nf7+ Kg8 33. Nh6+ 1/2-1/2

[Event "Chess.com Speed Play In"]
[Site "Chess.com INT"]
[Date "2024.06.27"]
[Round "3"]
[White "Tasdogen, Dincer"]
[Black "Wadsworth, Matthew J"]
[Result "1-0"]
[WhiteElo "2359"]
[BlackElo "2467"]
[PlyCount "93"]
[EventDate "2024.06.27"]
[EventType "swiss (blitz)"]
[EventRounds "11"]
[EventCountry "USA"]
[SourceTitle "CBM 220 Extra"]
[Source "ChessBase"]
[SourceDate "2024.07.31"]
[SourceVersion "1"]
[SourceVersionDate "2024.07.31"]
[SourceQuality "1"]

1. Nf3 d5 2. c4 c6 3. b3 Bg4 4. e3 e6 5. Bb2 Nf6 6. h3 Bh5 7. Be2 Nbd7 8. 0-0 Bd6 9. d4 0-0 10. Nbd2 a5 11. a3 Qb8 12. Rc1 Rc8 13. Ne1 Bxe2 14. Qxe2 b5 15. Nd3 a4 16. cxb5 Qxb5 17. b4 e5 18. dxe5 Bxe5 19. Bxe5 Nxe5 20. Nf4 g5 21. Rc5 Qxe2 22. Nxe2 Nfd7 23. Rc3 c5 24. Rfc1 c4 25. e4 Nb6 26. Rg3 f6 27. f4 Nd3 28. Rc3 h6 29. fxg5 fxg5 30. exd5 Nxd5 31. Rxc4 Rxc4 32. Nxc4 N3f4 33. Nxf4 Nxf4 34. Re3 Rc8 35. Re4 Rd8 36. h4 Rd1+ 37. Kh2 Rc1 38. hxg5 hxg5 39. Ne3 Rc3 40. g3 Ng6 41. Nc4 Kf7 42. b5 Ne7 43. Nd6+ Kf6 44. Rxa4 Rb3 45. Ra5 Ke6 46. Ne4 g4 47. Nc5+ 1-0

[Event "Umraniye White Elephant 32nd"]
[Site "Umraniye"]
[Date "2023.10.28"]
[Round "4"]
[White "Ozsakallioglu, Okan"]
[Black "Tasdogen, Dincer"]
[Result "1/2-1/2"]
[WhiteElo "2228"]
[BlackElo "2337"]
[PlyCount "142"]
[EventDate "2023.10.25"]
[EventType "swiss"]
[EventRounds "7"]
[EventCountry "TUR"]
[SourceTitle "CBM 216 Extra"]
[Source "ChessBase"]
[SourceDate "2023.11.30"]
[SourceVersion "1"]
[SourceVersionDate "2023.11.30"]
[SourceQuality "1"]

1. e4 c5 2. Nf3 Nf6 3. Nc3 d5 4. exd5 Nxd5 5. Bb5+ Bd7 6. Ne5 Bxb5 7. Qf3 f6 8. Nxb5 Na6 9. Nc4 Qd7 10. 0-0 e5 11. d3 Nab4 12. Nc3 Rd8 13. Nxd5 Qxd5 14. Qxd5 Rxd5 15. Ne3 Rd7 16. Bd2 Kf7 17. a4 Nc6 18. Bc3 Bd6 19. Nc4 Bc7 20. Rfe1 b6 21. Kf1 a6 22. Nd2 Nd8 23. b4 cxb4 24. Bxb4 Nc6 25. Bc3 Bd6 26. Rab1 Rb8 27. Ne4 Be7 28. Bd2 Nd4 29. Rb2 Rc7 30. c4 Rc6 31. Be3 Ba3 32. Bxd4 exd4 33. Rb3 Be7 34. Reb1 f5 35. Ng3 g6 36. Ne2 Bc5 37. Nf4 Rd8 38. Nd5 Rxd5 39. cxd5 Rd6 40. f4 Rxd5 41. Re1 a5 42. Rb5 Rd6 43. Re5 Rc6 44. h3 Bd6 45. Red5 Rc1+ 46. Ke2 Bc5 47. g4 Ke6 48. Re5+ Kf6 49. Kd2 Rh1 50. g5+ Kf7 51. Rexc5 bxc5 52. Rb7+ Ke6 53. Rxh7 Rf1 54. Rg7 Rxf4 55. Rxg6+ Ke5 56. Rc6 Rf2+ 57. Ke1 Rh2 58. Rxc5+ Kf4 59. g6 Rxh3 60. Rxa5 Rxd3 61. Kf2 Rf3+ 62. Ke2 Rg3 63. Ra6 Kg5 64. g7 Kh5 65. Rf6 Rxg7 66. Rxf5+ Kg6 67. Rf4 Ra7 68. Rxd4 Kf5 69. Kd3 Ke5 70. Rh4 Kd5 71. Rc4 Ra5 1/2-1/2

[Event "Umraniye White Elephant 32nd"]
[Site "Umraniye"]
[Date "2023.10.26"]
[Round "2"]
[White "Tasdogen, Dincer"]
[Black "Demirbag, Alihan"]
[Result "1-0"]
[WhiteElo "2337"]
[BlackElo "2079"]
[PlyCount "125"]
[EventDate "2023.10.25"]
[EventType "swiss"]
[EventRounds "7"]
[EventCountry "TUR"]
[SourceTitle "CBM 216 Extra"]
[Source "ChessBase"]
[SourceDate "2023.11.30"]
[SourceVersion "1"]
[SourceVersionDate "2023.11.30"]
[SourceQuality "1"]

1. Nf3 c5 2. b3 d5 3. e3 Nf6 4. Bb2 Nc6 5. Bb5 Bd7 6. 0-0 e6 7. Bxc6 Bxc6 8. Ne5 Rc8 9. d3 Be7 10. Nd2 0-0 11. f4 Be8 12. Qe1 Nd7 13. Ng4 h5 14. Nf2 f6 15. Qe2 Bf7 16. e4 d4 17. a4 b6 18. g4 Qe8 19. Kh1 Bd6 20. Nh3 Kh8 21. Rg1 Rg8 22. Raf1 g6 23. e5 fxe5 24. fxe5 Nxe5 25. Ne4 Qe7 26. Nhg5 Rcf8 27. Nxf7+ Rxf7 28. gxh5 g5 29. Bc1 Rxf1 30. Rxf1 Nd7 31. Qg4 Bf4 32. Bxf4 gxf4 33. Qxf4 Qg7 34. Qd2 Ne5 35. Qe2 Qg4 36. Qf2 Qf5 37. Qxf5 exf5 38. Nd6 Ng4 39. Nxf5 Re8 40. h3 Ne3 41. Re1 Kh7 42. c3 Re5 43. cxd4 Rxf5 44. Rxe3 cxd4 45. Re4 Rf1+ 46. Kg2 Rb1 47. Rxd4 Rxb3 48. Rd7+ Kh6 49. Rxa7 Rxd3 50. Ra6 Ra3 51. Rxb6+ Kxh5 52. Rb4 Ra2+ 53. Kf1 Ra3 54. h4 Kg6 55. Ke2 Kf5 56. h5 Kg5 57. Rb5+ Kh6 58. a5 Kg7 59. Kd2 Kh6 60. Kc2 Ra2+ 61. Kb3 Ra1 62. Kb4 Rc1 63. a6 1-0

[Event "Titled Tuesday intern op 18th Jul Early"]
[Site "Chess.com INT"]
[Date "2023.07.18"]
[Round "5"]
[White "Dubov, Daniil"]
[Black "Tasdogen, Dincer"]
[Result "1-0"]
[WhiteElo "2716"]
[BlackElo "2303"]
[PlyCount "107"]
[EventDate "2023.07.18"]
[EventType "swiss (blitz)"]
[EventRounds "11"]
[EventCountry "USA"]
[SourceTitle "EXT 2024"]
[Source "ChessBase"]
[SourceDate "2023.10.10"]
[SourceVersion "1"]
[SourceVersionDate "2023.10.10"]
[SourceQuality "1"]

1. e4 g6 2. d4 Bg7 3. Nc3 c6 4. Nf3 d5 5. h3 dxe4 6. Nxe4 Nf6 7. Bd3 0-0 8. 0-0 Nbd7 9. c3 Qc7 10. Re1 b6 11. Bg5 Bb7 12. Qe2 Rfe8 13. Rad1 c5 14. dxc5 Nxc5 15. Nxc5 Qxc5 16. Be3 Qc7 17. Bd4 Rad8 18. Bb5 Bc6 19. Ne5 Bxb5 20. Qxb5 Rd5 21. Qc6 Rc8 22. Qxc7 Rxc7 23. Kf1 Nd7 24. Nf3 Bxd4 25. Rxe7 Kf8 26. Re2 Nc5 27. Rxd4 Rxd4 28. Nxd4 a6 29. h4 b5 30. g3 Rd7 31. Kg2 Na4 32. Rd2 Ke7 33. Kf3 Kf6 34. Kf4 h6 35. g4 g5+ 36. hxg5+ hxg5+ 37. Kf3 Nb6 38. Nb3 Rxd2 39. Nxd2 Na4 40. Ne4+ Kg6 41. b3 Nb6 42. Ke3 f5 43. gxf5+ Kxf5 44. Kd4 Kf4 45. Nf6 Nc8 46. c4 bxc4 47. bxc4 Kf3 48. c5 Ne7 49. Ke5 Nc6+ 50. Kd6 Nb4 51. a3 Nc2 52. a4 Nd4 53. c6 Nxc6 54. Kxc6 1-0

[Event "Titled Tuesday intern op 18th Jul Early"]
[Site "Chess.com INT"]
[Date "2023.07.18"]
[Round "6"]
[White "Tasdogen, Dincer"]
[Black "Amilal, Munkhdalai"]
[Result "1-0"]
[WhiteElo "2303"]
[BlackElo "2437"]
[PlyCount "67"]
[EventDate "2023.07.18"]
[EventType "swiss (blitz)"]
[EventRounds "11"]
[EventCountry "USA"]
[SourceTitle "EXT 2024"]
[Source "ChessBase"]
[SourceDate "2023.10.10"]
[SourceVersion "1"]
[SourceVersionDate "2023.10.10"]
[SourceQuality "1"]

1. b3 Nf6 2. Bb2 e6 3. e3 b6 4. Nf3 Bb7 5. d4 Be7 6. Nbd2 0-0 7. Bd3 d5 8. 0-0 Ne4 9. c4 Nd7 10. Qc2 f5 11. Rac1 Rc8 12. cxd5 exd5 13. Ne1 Bb4 14. Ndf3 Bd6 15. Ne5 c5 16. Qe2 Re8 17. N1f3 g5 18. Nxd7 Qxd7 19. Ne5 Qe6 20. Qh5 Bxe5 21. dxe5 Qg6 22. Qxg6+ hxg6 23. f3 c4 24. Be2 c3 25. Ba1 Nd2 26. Rfd1 Rxe5 27. Rxd2 Rxe3 28. Kf2 f4 29. Rd3 Rxd3 30. Bxd3 d4 31. Rd1 Kg7 32. Bc2 Rd8 33. Rxd4 Rxd4 34. Bxc3 1-0

[Event "Titled Tuesday intern op 18th Jul Early"]
[Site "Chess.com INT"]
[Date "2023.07.18"]
[Round "11"]
[White "Tasdogen, Dincer"]
[Black "Bachmann, Axel"]
[Result "0-1"]
[WhiteElo "2303"]
[BlackElo "2604"]
[PlyCount "172"]
[EventDate "2023.07.18"]
[EventType "swiss (blitz)"]
[EventRounds "11"]
[EventCountry "USA"]
[SourceTitle "EXT 2024"]
[Source "ChessBase"]
[SourceDate "2023.10.10"]
[SourceVersion "1"]
[SourceVersionDate "2023.10.10"]
[SourceQuality "1"]

1. Nf3 Nf6 2. g3 d5 3. Bg2 Bg4 4. h3 Bxf3 5. Bxf3 c6 6. 0-0 Nbd7 7. d3 e5 8. c4 dxc4 9. dxc4 Bc5 10. Nc3 Qe7 11. Qc2 0-0 12. a3 Rad8 13. b4 Bd4 14. Ra2 Rfe8 15. Rd1 Nb6 16. c5 Bxc3 17. Rxd8 Rxd8 18. Qxc3 Nbd5 19. Qb3 e4 20. Bg2 e3 21. Bxe3 Nxe3 22. Qxe3 Qxe3 23. fxe3 a6 24. Kf2 Rd1 25. a4 Rb1 26. Rd2 g6 27. Rd8+ Kg7 28. Rb8 Rxb4 29. Bxc6 Ne4+ 30. Bxe4 Rxe4 31. Rxb7 Rxa4 32. c6 Rc4 33. c7 a5 34. e4 a4 35. Ke3 a3 36. Ra7 a2 37. Rxa2 Rxc7 38. Kf4 Rc5 39. h4 h5 40. e5 Rc4+ 41. e4 Rc6 42. Ra7 Re6 43. Rd7 Kf8 44. Rd6 Ke7 45. Rd5 Ra6 46. Rb5 Ra3 47. Rb7+ Ke6 48. Rb6+ Ke7 49. Rc6 Rb3 50. Ra6 Rc3 51. Ra7+ Ke6 52. Rb7 Ra3 53. Rb6+ Ke7 54. g4 hxg4 55. Kxg4 Ra1 56. e6 Rg1+ 57. Kf4 f6 58. Ra6 Rf1+ 59. Ke3 Rh1 60. Kd4 Rxh4 61. Kd5 Rh5+ 62. Kd4 Re5 63. Ra7+ Kxe6 64. Rg7 Rg5 65. Ra7 Rg3 66. Ra6+ Kf7 67. e5 Rg4+ 68. Kd5 fxe5 69. Kxe5 Kg7 70. Ra8 Kh6 71. Ra2 Kg5 72. Rf2 Rg3 73. Rf1 Kg4 74. Ke4 g5 75. Rb1 Rg2 76. Rb4 Kh4 77. Ke3+ Kg3 78. Rb7 g4 79. Rg7 Rg1 80. Rb7 Re1+ 81. Kd2 Re8 82. Rf7 Kg2 83. Kd3 g3 84. Kd2 Kg1 85. Rg7 g2 86. Kd3 Rh8 0-1

[Event "TUR-chT 2nd League"]
[Site "Denizli"]
[Date "2023.07.13"]
[Round "7.12"]
[White "Tasdogen, Dincer"]
[Black "Yaran, Siar"]
[Result "1/2-1/2"]
[WhiteElo "2303"]
[BlackElo "2288"]
[PlyCount "67"]
[EventDate "2023.07.09"]
[EventType "team-swiss"]
[EventRounds "9"]
[EventCountry "TUR"]
[SourceTitle "CBM 215 Extra"]
[Source "ChessBase"]
[SourceDate "2023.09.30"]
[SourceVersion "1"]
[SourceVersionDate "2023.09.30"]
[SourceQuality "1"]
[WhiteTeam "Galva Metal"]
[BlackTeam "Sakarya Satranc"]
[WhiteTeamCountry "TUR"]
[BlackTeamCountry "TUR"]

1. e4 e5 2. Nf3 Nc6 3. Nc3 Nf6 4. Bb5 Nd4 5. Ba4 Nxf3+ 6. Qxf3 c6 7. 0-0 d6 8. d3 b5 9. Bb3 Be7 10. h3 0-0 11. Ne2 Be6 12. Ng3 a5 13. Bxe6 fxe6 14. Qe2 Qe8 15. f4 Qg6 16. Kh2 exf4 17. Bxf4 Rf7 18. a4 b4 19. Rf3 Raf8 20. Raf1 Nh5 21. Nxh5 Qxh5 22. g4 Qc5 23. Kg2 Qb6 24. b3 c5 25. Be3 Rxf3 26. Rxf3 Rxf3 27. Qxf3 Bf6 28. g5 Bd4 29. Bxd4 cxd4 30. Qg4 Kf7 31. Qh5+ Kf8 32. Qxh7 Qc5 33. Qh8+ Kf7 34. g6+ 1/2-1/2

[Event "Speed Chess Q2"]
[Site "Chess.com INT"]
[Date "2022.11.12"]
[Round "3"]
[White "Tasdogen, Dincer"]
[Black "Omariev, Maksim"]
[Result "1-0"]
[WhiteElo "2303"]
[BlackElo "2304"]
[PlyCount "77"]
[EventDate "2022.11.12"]
[EventType "swiss (blitz)"]
[EventRounds "14"]
[EventCountry "USA"]
[SourceTitle "CBM 211 Extra"]
[Source "ChessBase"]
[SourceDate "2023.01.31"]
[SourceVersion "1"]
[SourceVersionDate "2023.01.31"]
[SourceQuality "1"]

1. Nf3 d5 2. g3 c6 3. Bg2 Nf6 4. d3 Bf5 5. 0-0 h6 6. Nbd2 e6 7. Qe1 Bh7 8. e4 Be7 9. Qe2 0-0 10. Re1 a5 11. a3 Na6 12. Ne5 Re8 13. f4 Rc8 14. h3 b5 15. Kh2 c5 16. exd5 exd5 17. Nxf7 Qb6 18. Ne5 c4 19. dxc4 bxc4 20. Ndf3 Nc5 21. Nd4 Bd6 22. Be3 Nfe4 23. b3 cxb3 24. Nxb3 Kh8 25. Bxe4 Bxe4 26. Nd7 Qc7 27. Nbxc5 Bxc5 28. Nxc5 d4 29. Bxd4 Bc6 30. Qg4 Red8 31. c3 Bd5 32. Qg6 Rd6 33. Re8+ Rxe8 34. Qxe8+ Kh7 35. Re1 Rc6 36. Re7 Rxc5 37. Rxc7 Rxc7 38. Qe5 Rd7 39. Qf5+ 1-0

[Event "Titled Tuesday intern op 06th Sep Late"]
[Site "Chess.com INT"]
[Date "2022.09.06"]
[Round "2"]
[White "Mihajlov, Sebastian"]
[Black "Tasdogen, Dincer"]
[Result "0-1"]
[WhiteElo "2375"]
[BlackElo "2301"]
[PlyCount "90"]
[EventDate "2022.09.06"]
[EventType "swiss (blitz)"]
[EventRounds "11"]
[EventCountry "USA"]
[SourceTitle "EXT 2023"]
[Source "ChessBase"]
[SourceDate "2022.10.05"]
[SourceVersion "1"]
[SourceVersionDate "2022.10.05"]
[SourceQuality "1"]

1. e4 g6 2. d4 Bg7 3. Nc3 c6 4. Be3 d5 5. e5 f6 6. f4 Nh6 7. Nf3 0-0 8. h3 e6 9. Qd2 Nd7 10. Be2 Nf5 11. Bf2 fxe5 12. fxe5 Bh6 13. Qd3 c5 14. dxc5 Qa5 15. g4 Ne7 16. Qb5 Qc7 17. g5 Bg7 18. 0-0-0 Nxe5 19. Nxe5 Rxf2 20. Ng4 Rf8 21. Rdf1 Bd7 22. Qd3 Qxc5 23. Nf6+ Bxf6 24. Rxf6 Rxf6 25. gxf6 Nf5 26. Bg4 Qe3+ 27. Qd2 Rf8 28. Bxf5 Qxd2+ 29. Kxd2 gxf5 30. Rg1+ Kh8 31. Rg7 Bc6 32. Re7 Rxf6 33. b4 a6 34. a4 d4 35. Ne2 f4 36. Nxd4 Bd5 37. Ke2 Rh6 38. c4 Bxc4+ 39. Kf3 Rf6 40. b5 Bd5+ 41. Kf2 Rh6 42. Ne2 Rxh3 43. Nxf4 Rf3+ 44. Ke2 Rxf4 45. Ke3 Rxa4 0-1

[Event "Titled Tuesday intern op 06th Sep Late"]
[Site "Chess.com INT"]
[Date "2022.09.06"]
[Round "5"]
[White "Tasdogen, Dincer"]
[Black "Gubajdullin, Alexey"]
[Result "1-0"]
[WhiteElo "2301"]
[BlackElo "2300"]
[PlyCount "161"]
[EventDate "2022.09.06"]
[EventType "swiss (blitz)"]
[EventRounds "11"]
[EventCountry "USA"]
[SourceTitle "EXT 2023"]
[Source "ChessBase"]
[SourceDate "2022.10.05"]
[SourceVersion "1"]
[SourceVersionDate "2022.10.05"]
[SourceQuality "1"]

1. Nf3 Nf6 2. b3 g6 3. Bb2 Bg7 4. g3 0-0 5. Bg2 a5 6. c4 a4 7. b4 Nc6 8. a3 d6 9. 0-0 e5 10. d3 e4 11. dxe4 Nxe4 12. Bxg7 Kxg7 13. Nd4 Qf6 14. e3 Re8 15. Bxe4 Rxe4 16. Nc3 Rxd4 17. exd4 Nxd4 18. Nd5 Qe5 19. Qd3 Bg4 20. Rfe1 Nf3+ 21. Qxf3 Bxf3 22. Rxe5 dxe5 23. Nxc7 Rc8 24. Nd5 Rxc4 25. Nb6 Rc2 26. Nxa4 e4 27. Re1 Ra2 28. Nc5 Rxa3 29. Nxb7 e3 30. Nd6 e2 31. Nc4 Rd3 32. Ne5 Rb3 33. Nxf3 Rxf3 34. Rxe2 Rb3 35. Re4 f5 36. Re7+ Kf6 37. Rb7 f4 38. Rb5 f3 39. h3 h5 40. g4 h4 41. Rc5 Rb1+ 42. Kh2 Rb2 43. Rc3 Rxf2+ 44. Kg1 Rg2+ 45. Kf1 Rb2 46. Rxf3+ Kg5 47. Rd3 Rxb4 48. Kg2 Kf4 49. Rf3+ Ke4 50. Rf6 Rb2+ 51. Kg1 Rb1+ 52. Kg2 Rb2+ 53. Kf1 Rb1+ 54. Kf2 Rb2+ 55. Ke1 Rb1+ 56. Ke2 Rb2+ 57. Kd1 Rb1+ 58. Kc2 Rh1 59. Rxg6 Rxh3 60. Kd2 Kf4 61. Ke2 Rh2+ 62. Kf1 h3 63. Rh6 Kg3 64. g5 Rh1+ 65. Ke2 h2 66. g6 Ra1 67. g7 Ra8 68. Rh8 h1Q 69. Rxh1 Rg8 70. Rh7 Kg4 71. Kd3 Kg5 72. Ke4 Kg6 73. Rh2 Kxg7 74. Ke5 Kf7 75. Kf5 Ke7 76. Rc2 Kf7 77. Rc7+ Ke8 78. Ke6 Kd8 79. Rb7 Rg1 80. Kd6 Kc8 81. Rc7+ 1-0

[Event "Speed Super Swiss Final"]
[Site "Chess.com INT"]
[Date "2021.10.17"]
[Round "1.2"]
[White "Tasdogen, Dincer"]
[Black "Sviridov, Valery"]
[Result "0-1"]
[WhiteElo "2301"]
[BlackElo "2562"]
[PlyCount "140"]
[EventDate "2021.10.17"]
[EventType "k.o. (blitz)"]
[EventRounds "4"]
[EventCountry "USA"]
[SourceTitle "CBM 204 Extra"]
[Source "ChessBase"]
[SourceDate "2021.11.30"]
[SourceVersion "1"]
[SourceVersionDate "2021.11.30"]
[SourceQuality "1"]

1. Nf3 g6 2. g3 Bg7 3. Bg2 Nf6 4. 0-0 0-0 5. d3 d5 6. Nbd2 c5 7. e4 Nc6 8. Re1 e6 9. Qe2 b6 10. Nf1 e5 11. Bg5 d4 12. Qd2 Qc7 13. c3 dxc3 14. bxc3 Ba6 15. Ne3 Qd6 16. Bxf6 Bxf6 17. Nd5 Bg7 18. Rad1 Rad8 19. h4 Bb7 20. h5 Ne7 21. h6 Bh8 22. Ne3 f5 23. Nc4 Qe6 24. exf5 Rxf5 25. Ng5 Qc8 26. Ne4 Qc7 27. Qe2 Nd5 28. Qg4 Bc8 29. Qh4 Bb7 30. Ned6 Rxd6 31. Nxd6 Qxd6 32. c4 Bf6 33. Qh1 Nc3 34. Bxb7 Nxd1 35. Rxd1 Qd4 36. Qd5+ Qxd5 37. Bxd5+ Kf8 38. a4 Bg5 39. a5 bxa5 40. Ra1 Bd2 41. Kf1 Bc3 42. Rb1 Bb4 43. Ra1 Rh5 44. Ke2 Rxh6 45. Kf3 Rh5 46. Ke4 Ke7 47. g4 Rh2 48. Ra2 h5 49. gxh5 gxh5 50. Re2 Kd6 51. Kf5 Bc3 52. Rc2 Bd4 53. Rc1 Rxf2+ 54. Kg6 h4 55. Rb1 h3 56. Rb8 e4 57. Bxe4 h2 58. Rd8+ Kc7 59. Ra8 Re2 60. Bd5 Re1 61. Rxa7+ Kb6 62. Rb7+ Ka6 63. Rh7 a4 64. Rxh2 a3 65. Kf5 Ka5 66. Rh7 Kb4 67. Ra7 Kb3 68. Be4 a2 69. Ke6 a1Q 70. Rb7+ Kc3 0-1

[Event "Speed Chess Super Swiss"]
[Site "Chess.com INT"]
[Date "2021.10.16"]
[Round "3"]
[White "Bartel, Michal"]
[Black "Tasdogen, Dincer"]
[Result "0-1"]
[WhiteElo "2167"]
[BlackElo "2301"]
[PlyCount "216"]
[EventDate "2021.10.16"]
[EventType "swiss (blitz)"]
[EventRounds "15"]
[EventCountry "USA"]
[SourceTitle "CBM 204 Extra"]
[Source "ChessBase"]
[SourceDate "2021.11.30"]
[SourceVersion "1"]
[SourceVersionDate "2021.11.30"]
[SourceQuality "1"]

1. e4 g6 2. g3 Bg7 3. Bg2 c6 4. Ne2 d5 5. exd5 cxd5 6. 0-0 Nc6 7. d4 Nf6 8. c3 0-0 9. h3 b5 10. Nd2 a5 11. Nb3 e6 12. Nc5 Nd7 13. Nd3 b4 14. Bf4 Ba6 15. Re1 Re8 16. Rc1 bxc3 17. bxc3 Bxd3 18. Qxd3 Nb6 19. Rb1 Nc4 20. a4 Qd7 21. Nc1 Ne7 22. Qd1 Nc8 23. Nd3 N8b6 24. Nc5 Qc6 25. h4 e5 26. Be3 Nxe3 27. fxe3 Bf8 28. Rb5 e4 29. Qb3 Nc4 30. Bxe4 Qc7 31. Kh2 Nd2 32. Qxd5 Rad8 33. Qb7 Qd6 34. Bg2 Be7 35. e4 Rb8 36. e5 Qd8 37. Qxb8 Qxb8 38. Rxb8 Rxb8 39. Ne4 Nc4 40. Nf6+ Kg7 41. Nd5 Bd8 42. Bf1 Rb2+ 43. Re2 Rb1 44. Rf2 Nb2 45. Bb5 Nd1 46. Rf1 Rb2+ 47. Kg1 Rd2 48. Nf6 Ne3 49. Ne8+ Kh6 50. Rf2 Rd1+ 51. Kh2 Ng4+ 52. Kg2 Nxf2 53. Kxf2 Rc1 54. c4 Bb6 55. c5 Bxc5 56. dxc5 Rxc5 57. Nd6 Kg7 58. Nc4 Rd5 59. Ke3 Rd1 60. Nxa5 Rg1 61. Kf2 Ra1 62. Nc4 f6 63. exf6+ Kxf6 64. a5 Rb1 65. Bc6 Rc1 66. Bd5 Rd1 67. Bf3 Rc1 68. Nd2 Ra1 69. Ne4+ Ke5 70. Ng5 h5 71. Be4 Kf6 72. Bd3 Rxa5 73. Kf3 Ra3 74. Ke3 Ra4 75. Ne4+ Ke5 76. Ng5 Rg4 77. Nf3+ Kf6 78. Kf2 Ra4 79. Be2 Ra2 80. Ng5 Ra3 81. Nf3 Kf5 82. Nd4+ Ke4 83. Nc2 Ra2 84. Ne1 Kd4 85. Nf3+ Kc3 86. Ke3 Ra3 87. Bd3 Kb2 88. Ne5 Ra8 89. Nc4+ Kb3 90. Ne5 Kb4 91. Kf4 Rf8+ 92. Kg5 Re8 93. Nxg6 Kc3 94. Nf4 Rg8+ 95. Bg6 Rd8 96. Bxh5 Kb2 97. Kh6 Rg8 98. Bg6 Ra8 99. Kg5 Ra6 100. h5 Ra7 101. Kh6 Ra5 102. Kg7 Ra6 103. Kh6 Ra7 104. Nd5 Ra6 105. Ne3 Ra2 106. Nc4+ Kc1 107. Ne5 Rh2 108. Bf7 Rg2 0-1

[Event "Speed Chess Super Swiss"]
[Site "Chess.com INT"]
[Date "2021.10.16"]
[Round "9"]
[White "Tasdogen, Dincer"]
[Black "Paravyan, David"]
[Result "1/2-1/2"]
[WhiteElo "2301"]
[BlackElo "2642"]
[PlyCount "146"]
[EventDate "2021.10.16"]
[EventType "swiss (blitz)"]
[EventRounds "15"]
[EventCountry "USA"]
[SourceTitle "CBM 204 Extra"]
[Source "ChessBase"]
[SourceDate "2021.11.30"]
[SourceVersion "1"]
[SourceVersionDate "2021.11.30"]
[SourceQuality "1"]

1. Nf3 f5 2. Nc3 Nf6 3. d3 Nc6 4. e4 e5 5. exf5 d5 6. d4 exd4 7. Nxd4 Bb4 8. Bb5 0-0 9. 0-0 Nxd4 10. Qxd4 c5 11. Qf4 Bxc3 12. bxc3 Ne4 13. c4 Nc3 14. Re1 Bxf5 15. Qe5 Nxb5 16. cxb5 Qd7 17. Bf4 Bxc2 18. Qd6 Qxd6 19. Bxd6 Rfe8 20. Bxc5 Bd3 21. b6 Rxe1+ 22. Rxe1 axb6 23. Bxb6 Rxa2 24. h4 Kf7 25. Bc5 b5 26. Re7+ Kf6 27. Rd7 Ra1+ 28. Kh2 Ra4 29. Kg3 Bf5 30. Rxd5 Rg4+ 31. Kf3 Rxh4 32. Bd4+ Ke6 33. Re5+ Kd6 34. Rxf5 Rxd4 35. Rxb5 Ke6 36. Rb6+ Kf5 37. Rb5+ Kf6 38. g3 h6 39. Kg2 Rd2 40. Rb6+ Kg5 41. Rb5+ Kg6 42. Rb6+ Kh7 43. Rb7 h5 44. Rb5 Kh6 45. Rb6+ g6 46. Rb7 Kg5 47. Rb5+ Kf6 48. Rb6+ Kf5 49. Rb5+ Ke6 50. Rg5 Kf7 51. Ra5 Kg7 52. Ra7+ Kh6 53. Ra6 Rd7 54. f4 Rd5 55. Re6 Kg7 56. Kh3 Rd3 57. Kh4 Kf7 58. Ra6 Rd5 59. Ra7+ Kf6 60. Ra6+ Kf5 61. Ra8 Rd1 62. Rf8+ Ke4 63. Kg5 Kf3 64. Kxg6 Rh1 65. f5 Kxg3 66. f6 h4 67. f7 Rf1 68. Rg8 h3 69. f8Q Rxf8 70. Rxf8 h2 71. Rh8 Kg2 72. Kg5 h1Q 73. Rxh1 Kxh1 1/2-1/2